000
00245nam a2200097Ia 4500
001
683542
005
20250826161440.0
008
250824s9999 xx 000 0 und d
245
0
_a
BEN BU OYUNU YAZARIM
_c
ANDREW DONKİN
260
_b
TİMAŞ YAYINLARI
999
_c
683542
_d
683542